000 01026cab a22001935a 4500
001 L145236
008 080917e20080913xxkao f s 000 0 eng d
035 _a(Sirsi) u145236
041 0 _aeng
100 1 _aGolden, Paul
245 0 0 _aFocus
_bM40 and Warwickshire
260 _c2008
490 _aEstates Gazette
_v(0836) 13 September 2008, 113-123(6)
520 _aRegional feature looks at the long delayed redevelopment of the Westgate centre and discusses what will happen next for the scheme hampered by planning disputes and tough market conditions. The author illustrates the benefits the scheme will bring to Oxford and also the potential harm that would be caused should it not reach completion. Also looks at regeneration in Warwickshire and states that, while the Midlands are doing well nationally, challenging times lie ahead for the regeneration market.
651 4 _aEngland and Wales
_y1543-
690 _aPROPERTY-COMMERCIAL PROPERTY-COMMERCIAL PROPERTY MARKET
700 1 _aPilkington, Lisa
942 _n0
999 _c80742
_d80742